|
|
|
|
| LEADER |
00943nam a2200253 a 4500 |
| 001 |
4018103 |
| 008 |
100824s1998 maua b 001 0 eng d |
| 010 |
|
|
|a 97039530
|
| 020 |
|
|
|a 0070119015 (acid-free paper)
|
| 040 |
|
|
|a DLC
|c DLC
|d DLC
|d DB-DhAAL
|
| 082 |
0 |
0 |
|a 657/.044
|2 21
|
| 100 |
1 |
|
|a Chasteen, Lanny G.,
|d 1942-
|
| 245 |
1 |
0 |
|a Intermediate accounting /
|c Lanny G. Chasteen, Richard E. Flaherty, Melvin C. O'Connor.
|
| 250 |
|
|
|a 6th ed.
|
| 260 |
|
|
|a Boston :
|b Irwin McGraw Hill,
|c c1998.
|
| 300 |
|
|
|a xxxvii, 1284 p. :
|b col. ill. ;
|c 28 cm.
|
| 504 |
|
|
|a Includes index.
|
| 541 |
1 |
|
|e 00011634
|
| 650 |
|
0 |
|a Accounting.
|
| 700 |
1 |
|
|a Flaherty, Richard E.,
|d 1944-
|
| 700 |
1 |
|
|a O'Connor, Melvin C.
|
| 852 |
4 |
|
|a Ayesha Abed Library
|j General Shelf.
|
| 999 |
|
|
|c 9307
|d 9307
|
| 952 |
|
|
|0 0
|1 0
|2 ddc
|4 0
|6 657_044000000000000_CHA_1998
|7 0
|9 11725
|a BRACUL
|b BRACUL
|c GEN
|d 2010-08-24
|l 2
|m 29
|o 657.044 CHA
|p 3010011634
|r 2017-12-05
|s 2017-04-16
|t 1
|w 2010-08-24
|y BK
|